Ομάδες Α' Κατηγορίας Κύπρου 2024-25 - Statistics

General Stats
  • This quiz has been taken 5 times
  • The average score is 9 of 14
Answer Stats
Ομάδα % Correct
ΑΕ Λεμεσού
100%
Πάφος
100%
ΑΕΚ Λάρνακας
80%
ΑΠΟΕΛ
80%
Ομόνοια Αραδίππου
80%
Ομόνοια Λευκωσίας
80%
ΑΛΣ Ομόνοια 29ης Μαΐου
80%
Ανόρθωση Αμμοχώστου
60%
Απόλλων Λεμεσού
40%
Άρης Λεμεσού
40%
Εθνικός Άχνας
40%
Καρμιώτισσα
40%
Ένωσις Νέου Παραλιμνίου
20%
Νέα Σαλαμίνα Αμμοχώστου
20%
No matching quizzes found
Score Distribution
Percent of People with Each Score
Percentile by Number Answered
Your Score History
You have not taken this quiz